Discurso : (Registro nro. 28747)
[ vista simple ]
| 000 -CABECERA | |
|---|---|
| campo de control de longitud fija | 00730nam a2200157 a 4500 |
| 001 - NÚMERO DE CONTROL | |
| campo de control | 000029255 |
| 005 - FECHA Y HORA DE LA ÚLTIMA TRANSACCIÓN | |
| campo de control | 20200930055429.0 |
| 008 - DATOS DE LONGITUD FIJA--INFORMACIÓN GENERAL | |
| campo de control de longitud fija | 110414s1972 dr 000 0 spa d |
| 040 ## - FUENTE DE LA CATALOGACIÓN | |
| Centro catalogador/agencia de origen | DO-SdBNP |
| Lengua de catalogación | spa |
| Centro/agencia transcriptor | BNPHU |
| 082 ## - NÚMERO DE LA CLASIFICACIÓN DECIMAL DEWEY | |
| Número de clasificación | xxx |
| Número de documento/Ítem | C748 |
| 049 ## - FONDOS LOCALES (OCLC) | |
| Fondos de biblioteca | BNPD |
| 111 1# - ENTRADA PRINCIPAL--NOMBRE DE CONGRESO/REUNIÓN | |
| Nombre de congreso/reunión o jurisdicción como elemento de entrada | Conferencia dictada por Gloria Stolk en la Biblioteca Nacional de Santo Domingo de Guzmán |
| Sede del congreso/Lugar de la reunión | Santo Domingo |
| Fecha del congreso/reunión | 1972: abr. 24 |
| 9 (RLIN) | 56149 |
| 245 10 - MENCIÓN DE TÍTULO | |
| Título | Discurso : |
| Resto del título | pronunciado por Gloria Stolk, embajador de Venezuela, en la Fortaleza del Homenaje de la ciudad de Santo Domingo de Guzmán, el día 1o de diciembre de 1971, con motivo de conmemorarse el 150 aniversario de la Independencia Efimera. |
| 260 ## - PUBLICACIÓN, DISTRIBUCIÓN, ETC. | |
| Lugar de publicación, distribución, etc. | Santo Domingo : |
| Nombre del editor, distribuidor, etc. | [s. n.], |
| Fecha de publicación, distribución, etc. | [1972]. |
| 300 ## - DESCRIPCIÓN FÍSICA | |
| Extensión | 6 p. ; |
| Dimensiones | 23 cm. |
| Estado de retiro | Estado de pérdida | No para préstamo | Código de colección | Localización permanente | Ubicación/localización actual | Ubicación en estantería | Fecha de adquisición | Número de inventario | Total de préstamos | Signatura topográfica completa | Código de barras | Fecha visto por última vez | Precio válido a partir de | Tipo de ítem Koha |
|---|---|---|---|---|---|---|---|---|---|---|---|---|---|---|
| Patrimonio Dominicano | Patrimonio Dominicano | Patrimonio Dominicano | Orden iniciada | 14.04.2011 | LF1 | xxx C748 | 29255-10 | 25.06.2020 | 25.06.2020 | Libro y Folleto Colección Patrimonio Dominicano |
